Normal view
MARC view
Entry Topical Term
001 - CONTROL NUMBER
- control field: 52513
003 - CONTROL NUMBER IDENTIFIER
- control field: OSt
005 - DATE AND TIME OF LATEST TRANSACTION
- control field: 20160416160459.0
008 - FIXED-LENGTH DATA ELEMENTS
- fixed length control field: 160416|| aca||aabn | a|a d
040 ## - CATALOGING SOURCE
- Original cataloging agency: OSt
- Transcribing agency: OSt
150 ## - HEADING--TOPICAL TERM
- Topical term or geographic name entry element: Home Economics
670 ## - SOURCE DATA FOUND
- Source citation: Work cat.: (OSt)42764: दीक्षित राजेश 40693, कम्पलीट फर्स्ट-एड , 2009









